Trh krváca, cena pšenice láme rekordy

Obchod s poľnohospodárskymi komoditami bojuje s množstvom problémov. Kritická situácia sa prejavuje na nedostatkom zamestnancov či cenovými výkyvmi. Začali sa hľadať náhradné riešenia, ktoré boli donedávna relatívne drahé. Aká je budúcnosť inflácie.

Saved in:
Bibliographic Details
Main Author: Alenová, Gabriela
Format: Book Chapter
Language:Slovak
Subjects:
Tags: Add Tag
No Tags, Be the first to tag this record!

MARC

LEADER 00000naa a2200000 4500
001 0283382
005 20240417075203.3
041 0 |a slo 
044 |a SK 
245 1 0 |a Trh krváca, cena pšenice láme rekordy  |c Gabriela Alenová 
520 |a Obchod s poľnohospodárskymi komoditami bojuje s množstvom problémov. Kritická situácia sa prejavuje na nedostatkom zamestnancov či cenovými výkyvmi. Začali sa hľadať náhradné riešenia, ktoré boli donedávna relatívne drahé. Aká je budúcnosť inflácie. 
610 2 0 |a vojny 
610 2 0 |a inflácia 
610 2 0 |a poľnohospodárstvo 
610 2 0 |a potraviny 
610 2 0 |a pšenica 
610 2 0 |a pekárenstvo 
100 1 |a Alenová, Gabriela